00625nam a2200217Ia 450000500170000000800410001701000150005802000120007304000190008504100120010408200130011624500620012926000340019130000200022550400500024563000310029565000230032665100230034970000250037285000100039720230605143940.0131103s9999 xx 000 0 und d a1899883673 aRs.1095 aLoreto College aEnglish a809bBRA 4aThe atlas of literaturecgeneral editors Malcolm Bradbury aLondonbInterpark Housec1996 a352 p.b illus. aIncludes bibliographical references and index aAuthors - Homes and Haunts aEnglish Literature aLiterary Landmarks aBradbury,Malcolm,ed. aLCLIB